[Event "East Detroit (MCO/6/29)"]
[Site "?"]
[Date "1984.??.??"]
[Round "?"]
[White "Tallosy, M.."]
[Black "Collins, Charles"]
[Result "1-0"]
[WhiteElo "1745"]
[BlackElo "1605"]
[PlyCount "59"]
[EventDate "1984.??.??"]

{6/(29)} 1. e4 e5 2. f4 d5 3. exd5 Nf6 4. fxe5 Nxd5 5. Nf3 Bc5 6. d4 Bb6 7. Bc4
Be6 8. O-O Nc6 9. c3 Qd7 10. Kh1 O-O-O 11. a4 h5 12. b4 a6 13. a5 Ba7 14. b5
axb5 15. Bxb5 Rdg8 16. a6 b6 17. c4 Qe7 18. Bxc6 Nb4 19. Bb7+ Kb8 20. d5 Bf5
21. Ba3 g5 22. Nd4 Bd7 23. Nc2 g4 24. Bxb4 Qg5 25. Rxf7 g3 26. Qf3 h4 27. d6 h3
28. dxc7+ Kxc7 29. Rxd7+ Kxd7 30. Qc6+ 1-0

[Event "East Detroit (MCO/4/18)"]
[Site "?"]
[Date "1984.??.??"]
[Round "?"]
[White "Tallosy, M.."]
[Black "Brattin, Vincent"]
[Result "0-1"]
[WhiteElo "1745"]
[BlackElo "1965"]
[PlyCount "58"]
[EventDate "1984.??.??"]

{4/(18)} 1. e4 e5 2. Nf3 Nc6 3. Bb5 Nd4 4. Ba4 Bc5 5. Nxd4 Bxd4 6. c3 Bb6 7. d4
Qf6 8. Be3 Ne7 9. O-O Nc6 10. d5 Ne7 11. Nd2 O-O 12. Nf3 Bxe3 13. fxe3 Qb6 14.
Qe2 Ng6 15. Kh1 d6 16. h3 f5 17. exf5 Bxf5 18. e4 Nf4 19. Qc2 Bg6 20. Rae1 Rf6
21. Bb3 Raf8 22. Nh4 Be8 23. Rf3 Nh5 24. Kh2 Rxf3 25. gxf3 Rf4 26. Nf5 Rxf3 27.
Re2 Nf4 28. Re3 Rxe3 29. Nxe3 Qxe3 0-1

[Event "Plymouth (MI Op/2/26)"]
[Site "?"]
[Date "1984.??.??"]
[Round "?"]
[White "Swathell, Gary"]
[Black "Mason, D.."]
[Result "0-1"]
[WhiteElo "1640"]
[BlackElo "1955"]
[PlyCount "62"]
[EventDate "1984.??.??"]

{2/(26)} 1. d4 Nf6 2. c4 e6 3. Nf3 b6 4. g3 Bb7 5. Bg2 Be7 6. O-O O-O 7. Nc3 d5
8. Ne5 c5 9. cxd5 exd5 10. Bf4 Na6 11. Re1 cxd4 12. Qxd4 Nc5 13. Rad1 Nce4 14.
Nxe4 Nxe4 15. Bxe4 dxe4 16. Qxd8 Rfxd8 17. Rc1 Rac8 18. Rxc8 Rxc8 19. Rc1 Bf6
20. Rxc8+ Bxc8 21. b3 g5 22. Nc4 gxf4 23. Nd6 Be6 24. Nxe4 Be5 25. gxf4 Bxf4
26. e3 Be5 27. f4 Bg7 28. Kf2 Bf5 29. Nd6 Bb1 30. Nc8 Bxa2 31. b4 a5 0-1

[Event "Plymouth (MI Op/1b/25)"]
[Site "?"]
[Date "1984.??.??"]
[Round "?"]
[White "Swathell, Gary"]
[Black "Lahr, Fred"]
[Result "1-0"]
[WhiteElo "1640"]
[BlackElo "1605"]
[PlyCount "65"]
[EventDate "1984.??.??"]

1. d4 Nf6 2. c4 c5 3. d5 b5 4. Nf3 d6 5. g3 g6 6. Bg2 Bg7 7. O-O bxc4 8. Qa4+
Nbd7 9. Qxc4 Nb6 10. Qc2 Nfxd5 11. e4 Nb4 12. Qd1 Nc4 13. Nc3 Rb8 14. e5 Nxe5
15. Nxe5 Bxe5 16. a3 Na6 17. Bh6 Bb7 18. Bxb7 Rxb7 19. Qa4+ Qd7 20. Qxa6 Rxb2
21. Rac1 e6 22. Ne4 Rb6 23. Qd3 Qa4 24. Rfd1 Rb3 25. Nxd6+ Ke7 26. Qd2 Bd4 27.
Ne4 Rd8 28. Bg5+ Kf8 29. Bxd8 Rb2 30. Qh6+ Ke8 31. Qg5 Kd7 32. Qe7+ Kc6 33.
Qd6+ 1-0

[Event "Plymouth (MI Op/7/55)"]
[Site "?"]
[Date "1984.??.??"]
[Round "?"]
[White "Swathell, Gary"]
[Black "Kappler, M.."]
[Result "1/2-1/2"]
[WhiteElo "1640"]
[BlackElo "1605"]
[PlyCount "116"]
[EventDate "1984.??.??"]

{7/(55)} 1. d4 d5 2. c4 Nf6 3. Nf3 c6 4. cxd5 cxd5 5. g3 e6 6. Bg2 Bd6 7. O-O
O-O 8. Nc3 b6 9. Nb5 Bb7 10. Nxd6 Qxd6 11. Bf4 Qb4 12. b3 Nc6 13. a3 Qe7 14. b4
b5 15. Rc1 a5 16. Ne5 Rfc8 17. Nxc6 Rxc6 18. Rxc6 Bxc6 19. Qc2 Bb7 20. Bd2 axb4
21. Bxb4 Qd7 22. Rc1 Rc8 23. Qb2 h6 24. e3 Rxc1+ 25. Qxc1 Qc6 26. Qc5 Qxc5 27.
Bxc5 Nd7 28. Bd6 f5 29. Bf1 Bc6 30. Kg2 Kf7 31. Be2 g6 32. h3 h5 33. g4 hxg4
34. hxg4 Nf6 35. f3 fxg4 36. fxg4 g5 37. Bf3 Kg6 38. Kf2 Kf7 39. Ke2 Ke8 40.
Kd2 Kd7 41. Be5 Ne8 42. Be2 Kc8 43. Kc3 Kb7 44. Kb4 Kb6 45. Bd3 Bd7 46. Bg6 Bc6
47. Bxe8 Bxe8 48. Bf6 Bd7 49. Bxg5 e5 50. Bd8+ Kc6 51. g5 e4 52. g6 Be6 53. Be7
Bf5 54. g7 Be6 55. a4 bxa4 56. Kxa4 Kd7 57. Bf6 Bg8 58. Kb4 Kc6 1/2-1/2

[Event "Plymouth (MI Op/5/64)"]
[Site "?"]
[Date "1984.??.??"]
[Round "?"]
[White "Swathell, Gary"]
[Black "Feldman, J.."]
[Result "1-0"]
[WhiteElo "1640"]
[BlackElo "1605"]
[PlyCount "81"]
[EventDate "1984.??.??"]

{5/(64)} 1. d4 d5 2. c4 e6 3. Nf3 Nc6 4. g3 Nf6 5. Bg2 Bd7 6. cxd5 exd5 7. O-O
h6 8. Nc3 Bb4 9. Bd2 O-O 10. a3 Bxc3 11. Bxc3 Qc8 12. Nh4 Bh3 13. Qd3 Bxg2 14.
Nxg2 Qh3 15. Nf4 Qd7 16. Qf3 Rfe8 17. Rae1 Rad8 18. e3 Qe7 19. Rc1 Qe4 20. Qxe4
Nxe4 21. Nd3 Ne7 22. Nc5 Nxc5 23. dxc5 b6 24. cxb6 axb6 25. b4 Rd6 26. Be5 Re6
27. Bxc7 Rc8 28. g4 Rg6 29. h3 Nf5 30. Kh2 Nh4 31. f3 Rf6 32. Kg3 Ng6 33. Rfd1
Ne7 34. Be5 Rxc1 35. Rxc1 Re6 36. Bd4 b5 37. Rc5 Rb6 38. Rc7 Re6 39. Rb7 Ra6
40. Rxe7 Rxa3 41. Rb7 1-0

[Event "East Detroit (MCO/6/41)"]
[Site "?"]
[Date "1984.??.??"]
[Round "?"]
[White "Swartz, J.."]
[Black "Harrell, J.."]
[Result "0-1"]
[WhiteElo "1605"]
[BlackElo "1605"]
[PlyCount "52"]
[EventDate "1984.??.??"]

{6/(41)} 1. e4 d6 2. Bc4 e6 3. Nf3 Nf6 4. Nc3 Be7 5. d4 O-O 6. Bf4 Nxe4 7. Nxe4
d5 8. Bd3 dxe4 9. Bxe4 Nd7 10. Qd3 f5 11. Qc4 fxe4 12. Bxc7 Qe8 13. Qxe6+ Rf7
14. d5 Nf6 15. Qe5 exf3 16. gxf3 Bb4+ 17. c3 Re7 18. f4 Rxe5+ 19. fxe5 Nxd5 20.
O-O-O Nxc7 21. cxb4 Qc6+ 22. Kb1 Bf5+ 23. Ka1 Nd5 24. Rc1 Qe6 25. Rhe1 Nxb4 26.
Rc7 Qxa2# 0-1

[Event "East Detroit (MCO/2/31)"]
[Site "?"]
[Date "1984.??.??"]
[Round "?"]
[White "Swartz, J.."]
[Black "Gaba, H.."]
[Result "0-1"]
[WhiteElo "1605"]
[BlackElo "1840"]
[PlyCount "94"]
[EventDate "1984.??.??"]

{2/(31)} 1. e4 d6 2. Bc4 e6 3. d4 c6 4. Nc3 d5 5. Bd3 dxe4 6. Bxe4 Nf6 7. Nf3
Bb4 8. Bd2 Bxc3 9. Qe2 Bxd2+ 10. Nxd2 O-O 11. Nf3 Nxe4 12. Qxe4 Nd7 13. O-O-O
Nf6 14. Qh4 Nd5 15. Qe4 Qf6 16. Rd2 b5 17. Ne5 Qf5 18. f3 Qxe4 19. fxe4 Nb6 20.
Nxc6 Bb7 21. d5 exd5 22. Ne7+ Kh8 23. exd5 Nc4 24. Rd4 Rae8 25. Nc6 Bxc6 26.
dxc6 Rc8 27. b3 Na5 28. Rhd1 Nxc6 29. Rd7 Kg8 30. a3 g6 31. R1d5 a6 32. g4 Rfe8
33. h4 Ne5 34. Ra7 Nxg4 35. h5 Re6 36. hxg6 hxg6 37. Rad7 Ne3 38. Rd2 Rec6 39.
Re7 Rxc2+ 40. Rxc2 Nxc2 41. Kb2 Nd4 42. Re3 Kg7 43. Rd3 Ne6 44. Rd6 Ra8 45. Kc3
g5 46. Kd3 Rd8 47. Rxd8 Nxd8 0-1

[Event "East Detroit (MCO/4/45)"]
[Site "?"]
[Date "1984.??.??"]
[Round "?"]
[White "Swartz, J.."]
[Black "Coates, J.."]
[Result "1-0"]
[WhiteElo "1605"]
[BlackElo "1605"]
[PlyCount "81"]
[EventDate "1984.??.??"]

{4/(45)} 1. e4 e5 2. Bc4 Nf6 3. d3 Bc5 4. b4 Bxf2+ 5. Kxf2 O-O 6. h3 Nc6 7. c3
a6 8. Bg5 h6 9. Bh4 Nxe4+ 10. dxe4 Qxh4+ 11. Ke3 Qf4+ 12. Kd3 Qg3+ 13. Qf3
Qxf3+ 14. Nxf3 b5 15. Bd5 Ra7 16. Bxc6 dxc6 17. Nbd2 Rd8+ 18. Ke3 f6 19. Rad1
Be6 20. Nb3 Rxd1 21. Rxd1 Ra8 22. Nh4 Kh7 23. Nf5 g6 24. Ne7 f5 25. Nxc6 f4+
26. Kf3 h5 27. Nxe5 Kh6 28. Kxf4 Rf8+ 29. Kg3 g5 30. Rd2 h4+ 31. Kh2 Rf4 32.
Nc5 Bc8 33. g3 hxg3+ 34. Kxg3 Rf1 35. Rf2 Rg1+ 36. Kh2 Rc1 37. Rf8 Rc2+ 38. Kg3
Rxc3+ 39. Nf3 Rxf3+ 40. Kxf3 g4+ 41. hxg4 1-0

[Event "Plymouth (MI Op/1b/6)"]
[Site "?"]
[Date "1984.??.??"]
[Round "?"]
[White "Sveen, L.."]
[Black "Youssef, I.."]
[Result "0-1"]
[WhiteElo "1830"]
[BlackElo "2115"]
[PlyCount "78"]
[EventDate "1984.??.??"]

1. e4 d5 2. exd5 Nf6 3. d4 Nxd5 4. c4 Nf6 5. Nc3 g6 6. Nf3 Bg7 7. h3 O-O 8. Be3
Re8 9. Be2 c6 10. O-O Na6 11. Qb3 Qc7 12. c5 Be6 13. Bc4 Bxc4 14. Qxc4 Rad8 15.
Ng5 Nd5 16. Rac1 Qd7 17. Nxd5 Qxd5 18. Qxd5 Rxd5 19. Nf3 Nc7 20. Rc4 Ne6 21.
Rb4 Rd7 22. Rc4 Red8 23. Rd1 Rd5 24. Rd2 f5 25. g3 Rf8 26. b4 f4 27. gxf4 Nxf4
28. Bxf4 Rxf4 29. Kg2 e5 30. Kg3 Bh6 31. Nxe5 Rxe5 32. Rcc2 Rd5 33. Rc4 Rg5+
34. Kxf4 Rf5+ 35. Kg3 Bxd2 36. a4 Be1 37. Rc2 Bxb4 38. Rb2 Ba5 39. f3 Rd5 0-1

[Event "Plymouth (MI Op/6/53)"]
[Site "?"]
[Date "1984.??.??"]
[Round "?"]
[White "Sveen, L.."]
[Black "Timmer, T.."]
[Result "1-0"]
[WhiteElo "1830"]
[BlackElo "1605"]
[PlyCount "61"]
[EventDate "1984.??.??"]

{6/(53)} 1. e4 c6 2. d4 d5 3. Nd2 g6 4. Ngf3 Bg4 5. c3 Bg7 6. exd5 cxd5 7. Bb5+
Nc6 8. O-O Nf6 9. Qa4 Bd7 10. Re1 O-O 11. Qc2 a6 12. Bd3 Rc8 13. Qd1 Re8 14. h3
Nh5 15. Nf1 Qc7 16. Re2 h6 17. a3 Nf4 18. Bxf4 Qxf4 19. Qb3 Qc7 20. Qxd5 e6 21.
Qe4 f5 22. Qe3 e5 23. dxe5 Nxe5 24. Nxe5 Bxe5 25. Qxh6 Re6 26. Rae1 Bf4 27. Qh4
Kg7 28. Rxe6 Bxe6 29. Rxe6 Kf8 30. Qh8+ Kf7 31. Rf6+ 1-0

[Event "Plymouth (MI Op/3/50)"]
[Site "?"]
[Date "1984.??.??"]
[Round "?"]
[White "Sveen, L.."]
[Black "Rankin, H.."]
[Result "1-0"]
[WhiteElo "1830"]
[BlackElo "1605"]
[PlyCount "103"]
[EventDate "1984.??.??"]

{3/(50)} 1. e4 c6 2. d4 d5 3. Nd2 dxe4 4. Nxe4 Nf6 5. Nxf6+ gxf6 6. Be2 Bf5 7.
Nf3 Qc7 8. Nh4 Bg6 9. f4 h6 10. Nxg6 fxg6 11. Bc4 Nd7 12. Qd3 Qa5+ 13. Bd2 Qh5
14. Qb3 O-O-O 15. Be2 Qd5 16. Qxd5 cxd5 17. c4 dxc4 18. Bxc4 Nb6 19. Be6+ Kb8
20. Be3 Nd5 21. Ke2 Rd6 22. Bg4 f5 23. Bf3 Nxe3 24. Kxe3 Bg7 25. d5 e5 26. fxe5
Bxe5 27. Rab1 Re8 28. Kd3 g5 29. g3 Red8 30. Rhe1 g4 31. Rxe5 gxf3 32. Rxf5
Rxd5+ 33. Rxd5 Rxd5+ 34. Ke3 Rc5 35. Rf1 Rc2 36. Rf2 Rc1 37. Kxf3 Kc7 38. Rd2
Rc5 39. g4 b5 40. h4 a5 41. Rd3 Kc6 42. Rc3 Rxc3+ 43. bxc3 Kd5 44. g5 hxg5 45.
hxg5 Ke5 46. Ke3 b4 47. cxb4 axb4 48. Kd3 Kf5 49. Kc4 Kxg5 50. Kxb4 Kf6 51. Kc5
Ke7 52. Kc6 1-0

[Event "East Detroit (MCO/6/21)"]
[Site "?"]
[Date "1984.??.??"]
[Round "?"]
[White "Sveen, L.."]
[Black "Praedel, R.."]
[Result "1-0"]
[WhiteElo "1835"]
[BlackElo "1605"]
[PlyCount "63"]
[EventDate "1984.??.??"]

{6/(21)} 1. e4 c5 2. Nf3 Nc6 3. d4 cxd4 4. Nxd4 d6 5. Nc3 Nf6 6. Bg5 e6 7. Qd2
Be7 8. f4 Qb6 9. O-O-O a6 10. Be2 Qc7 11. Nxc6 bxc6 12. Bxf6 gxf6 13. Bh5 Rg8
14. g4 Bb7 15. f5 exf5 16. gxf5 Bf8 17. Rhg1 Rxg1 18. Rxg1 Ke7 19. Kb1 Qb6 20.
Rd1 Qc7 21. Qg2 Rd8 22. Qg8 Ke8 23. Ne2 d5 24. Nf4 Bc8 25. Ne6 Bxe6 26. fxe6
Ke7 27. Qxf7+ Kd6 28. Qxf6 Bg7 29. e5+ Kc5 30. Qf2+ Kb4 31. Be2 Ka5 32. Qc5+
1-0

[Event "East Detroit (MCO/2/8)"]
[Site "?"]
[Date "1984.??.??"]
[Round "?"]
[White "Sveen, L.."]
[Black "Mazuchowski, Tom"]
[Result "0-1"]
[WhiteElo "1835"]
[BlackElo "2115"]
[PlyCount "50"]
[EventDate "1984.??.??"]

{2/(8)} 1. e4 e5 2. Nf3 Nc6 3. d4 exd4 4. Bc4 Nf6 5. e5 d5 6. exf6 dxc4 7. O-O
Qxf6 8. Re1+ Be6 9. Bg5 Qf5 10. Bh4 Bc5 11. Nbd2 O-O 12. Ne4 Bb6 13. Ng3 Qd5
14. Ne4 Bg4 15. h3 Bh5 16. Qd2 Bxf3 17. gxf3 f5 18. Ng5 h6 19. Ne6 Rfe8 20. Nf4
Qxf3 21. Ng6 Qxh3 22. Qf4 Qg4+ 23. Qxg4 fxg4 24. Kg2 Kf7 25. Nf4 g5 0-1

[Event "Plymouth (MI Op/4/15)"]
[Site "?"]
[Date "1984.??.??"]
[Round "?"]
[White "Sveen, L.."]
[Black "Cooper, T.."]
[Result "0-1"]
[WhiteElo "1830"]
[BlackElo "2155"]
[PlyCount "74"]
[EventDate "1984.??.??"]

{4/(15)} 1. e4 c6 2. d4 d5 3. Nd2 dxe4 4. Nxe4 Nd7 5. Nf3 Ngf6 6. Nxf6+ Nxf6 7.
Ne5 Be6 8. c3 g6 9. Be2 Bg7 10. Be3 Qc7 11. Qd2 O-O 12. h3 c5 13. Nf3 Rfd8 14.
Bf4 Qa5 15. O-O Bd5 16. c4 Qxd2 17. Nxd2 Be6 18. dxc5 Nd7 19. Rab1 Bf5 20. Rbd1
Nxc5 21. b4 Ne6 22. Bh2 Bc2 23. Bf3 Bxd1 24. Bxb7 Rab8 25. Bxb8 Rxb8 26. Ba6
Bc2 27. b5 Nc5 28. Rc1 Bf5 29. Nb3 Nxa6 30. bxa6 Rc8 31. c5 Bb2 32. Re1 Kf8 33.
g4 Be6 34. Re2 Ba3 35. Re3 Bxb3 36. axb3 Bxc5 37. Rc3 Bxf2+ 0-1

[Event "East Detroit (MCO/4/23)"]
[Site "?"]
[Date "1984.??.??"]
[Round "?"]
[White "Sveen, L.."]
[Black "Banish, K.."]
[Result "1/2-1/2"]
[WhiteElo "1835"]
[BlackElo "1670"]
[PlyCount "102"]
[EventDate "1984.??.??"]

{4/(23)} 1. e4 d6 2. d4 Nf6 3. Nc3 g6 4. Bg5 Bg7 5. e5 dxe5 6. dxe5 Qxd1+ 7.
Rxd1 Ng4 8. h3 Nxe5 9. Nd5 O-O 10. Nxc7 Nbc6 11. Nxa8 Bf5 12. c3 Rxa8 13. Be2
h6 14. Be3 b6 15. Nf3 Re8 16. O-O Na5 17. Nxe5 Bxe5 18. Bxh6 Bf6 19. Be3 e5 20.
b4 Nb7 21. g4 Be6 22. f4 exf4 23. Bd4 Bxd4+ 24. Rxd4 Bxa2 25. Bf3 Nd8 26. Ra1
Bb3 27. Rxa7 Ne6 28. Rd2 Ng5 29. Kg2 Re3 30. Bd5 Bxd5+ 31. Rxd5 Rg3+ 32. Kf1
Rf3+ 33. Ke2 Re3+ 34. Kd2 Ne4+ 35. Kc2 Rxc3+ 36. Kb2 Rxh3 37. Rd4 Rh2+ 38. Ka1
f3 39. Rxe4 f2 40. Rf4 Rh1+ 41. Kb2 f1=Q 42. Rxf1 Rxf1 43. Rb7 Rf6 44. g5 Rc6
45. b5 Rd6 46. Kc3 Kf8 47. Kc4 Ke8 48. Rc7 f5 49. gxf6 Rxf6 50. Kd5 Kd8 51. Rg7
Kc8 1/2-1/2

[Event "Plymouth (MI Op/7/71)"]
[Site "?"]
[Date "1984.??.??"]
[Round "?"]
[White "Suess, J.."]
[Black "Steverson, Bunnard"]
[Result "1-0"]
[WhiteElo "1605"]
[BlackElo "1605"]
[PlyCount "104"]
[EventDate "1984.??.??"]

{7/(71)} 1. e4 e6 2. d4 c5 3. Nf3 cxd4 4. Nxd4 d5 5. e5 Nc6 6. Bb5 Bd7 7. Bxc6
bxc6 8. O-O c5 9. Nf3 Ne7 10. Bg5 g6 11. Bf6 Rg8 12. Ng5 h5 13. Qf3 Bh6 14. c3
c4 15. Na3 Rb8 16. Rfb1 Bc6 17. Nxc4 Qc7 18. Nd6+ Kd7 19. Ngxf7 Nf5 20. Nxh6
Nxh6 21. Qd3 Rbf8 22. Nb5 Qb6 23. a4 Ng4 24. Qd4 Qxd4 25. Nxd4 Nxf6 26. exf6
Rxf6 27. Nxc6 Kxc6 28. b4 Rgf8 29. Rb2 h4 30. h3 g5 31. b5+ Kc5 32. Rc1 e5 33.
a5 Rg6 34. b6 axb6 35. a6 g4 36. Kh2 Rfg8 37. a7 gxh3 38. f3 hxg2 39. Rg1 h3
40. Ra2 Ra8 41. Re1 e4 42. fxe4 dxe4 43. Kg1 e3 44. Rxe3 h2+ 45. Kxh2 Rh8+ 46.
Kg1 Rh1+ 47. Kf2 g1=Q+ 48. Kf3 Rh3+ 49. Ke4 Qxe3+ 50. Kf5 Qe6+ 51. Kf4 Rf6+ 52.
Kg5 Qf5# 1-0

[Event "Plymouth (MI Op/5/68)"]
[Site "?"]
[Date "1984.??.??"]
[Round "?"]
[White "Suess, J.."]
[Black "Steen, Harold"]
[Result "0-1"]
[WhiteElo "1605"]
[BlackElo "1620"]
[PlyCount "163"]
[EventDate "1984.??.??"]

{5/(68)} 1. e4 d6 2. Bc4 Nf6 3. d3 g6 4. h3 Bg7 5. c3 O-O 6. Nf3 d5 7. Bb3 dxe4
8. dxe4 Qxd1+ 9. Bxd1 Nxe4 10. Nbd2 Nxd2 11. Bxd2 Nc6 12. Bb3 Na5 13. Bc2 Nc4
14. Bc1 b6 15. Be4 Rb8 16. O-O Nd6 17. Re1 Nxe4 18. Rxe4 e6 19. Be3 Bb7 20. Rc4
Bxf3 21. gxf3 c5 22. Rc1 Rfd8 23. Bf4 Rb7 24. Re1 Rbd7 25. Rce4 Rd1 26. Kf1
Rxe1+ 27. Rxe1 Rd3 28. Ke2 Rd5 29. Bb8 a6 30. Rd1 Rxd1 31. Kxd1 Bf6 32. Kc2 Kg7
33. c4 Bh4 34. Bg3 Bxg3 35. fxg3 Kf6 36. Kd3 Ke5 37. Ke3 f5 38. h4 h6 39. f4+
Kf6 40. Kf3 g5 41. h5 e5 42. Ke3 exf4+ 43. gxf4 gxf4+ 44. Kxf4 Ke6 45. b3 Kf6
46. a3 a5 47. a4 Ke6 48. Ke3 Ke5 49. Kf3 f4 50. Kf2 Ke4 51. Ke2 f3+ 52. Kf2 Kf4
53. Kf1 Ke3 54. Ke1 Kd3 55. Kf2 Kc3 56. Kxf3 Kxb3 57. Kf4 Kxc4 58. Kf5 Kd3 59.
Kg6 c4 60. Kxh6 c3 61. Kg7 c2 62. h6 c1=Q 63. h7 Qc7+ 64. Kg8 Kc4 65. h8=Q Qc8+
66. Kg7 Qxh8+ 67. Kxh8 Kb4 68. Kg7 Kxa4 69. Kf6 Kb3 70. Ke5 a4 71. Kd4 a3 72.
Kd3 a2 73. Kd2 a1=Q 74. Kd3 Qe1 75. Kd4 Kc2 76. Kd5 b5 77. Kc5 b4 78. Kb5 b3
79. Ka4 b2 80. Kb5 Qc3 81. Ka4 Qb3+ 82. Ka5 0-1

[Event "Plymouth (MI Op/4/72)"]
[Site "?"]
[Date "1984.??.??"]
[Round "?"]
[White "Suess, J.."]
[Black "Reno, G.."]
[Result "1-0"]
[WhiteElo "1605"]
[BlackElo "1605"]
[PlyCount "67"]
[EventDate "1984.??.??"]

{4/(72)} 1. e4 e5 2. Nc3 Bc5 3. Bc4 d6 4. d3 Nf6 5. h3 Nc6 6. Qf3 Nd4 7. Qd1 c6
8. a3 Qa5 9. Bd2 Qb6 10. b4 Bxb4 11. axb4 Qxb4 12. Nd5 Qc5 13. Nc7+ Kd8 14.
Nxa8 Be6 15. Ra4 b5 16. Ba5+ Kc8 17. Bxe6+ fxe6 18. Bb4 Nxc2+ 19. Kd2 Nxb4 20.
Ra1 Qxf2+ 21. Qe2 Qd4 22. Nf3 Qb2+ 23. Ke3 Qc3 24. Rhc1 Qb3 25. Rab1 Qa4 26.
Ra1 Qb3 27. Rxa7 d5 28. Kf2 Kb8 29. Raa1 Nxd3+ 30. Kg1 Nxc1 31. Qf1 Qe3+ 32.
Qf2 Ne2+ 33. Kf1 Qc3 34. Qb6+ 1-0

[Event "East Detroit (MCO/4/40)"]
[Site "?"]
[Date "1984.??.??"]
[Round "?"]
[White "Suess, J.."]
[Black "Praedel, R.."]
[Result "0-1"]
[WhiteElo "1605"]
[BlackElo "1605"]
[PlyCount "98"]
[EventDate "1984.??.??"]

{4/(40)} 1. e4 c5 2. Nc3 Nc6 3. Bc4 d6 4. d3 Nf6 5. Be3 g6 6. Qf3 Bg7 7. h3 a6
8. a3 O-O 9. Ba2 Nd4 10. Bxd4 cxd4 11. Nce2 Qb6 12. Rb1 Bd7 13. Nf4 Rac8 14.
Bc4 Qa5+ 15. Ke2 b5 16. Bb3 Bc6 17. Kf1 b4 18. a4 Nd7 19. Qe2 Nc5 20. Bd5 Bxa4
21. Ra1 Qc7 22. b3 Bb5 23. Bc4 Bc6 24. Bd5 Bb5 25. Bc4 Bc6 26. Bd5 e6 27. Bc4
Rfe8 28. Qd2 Qb7 29. Nge2 d5 30. exd5 exd5 31. Ra5 dxc4 32. Rxc5 Bxg2+ 33. Nxg2
Rxc5 34. dxc4 Rce5 35. Rg1 Rxe2 36. Qg5 Rxc2 37. Qd5 Rc1+ 38. Ne1 Rexe1+ 39.
Kg2 Rxg1+ 40. Kf3 Qxd5+ 41. cxd5 d3 42. Ke3 Rge1+ 43. Kxd3 Red1+ 44. Ke4 Rd4+
45. Kf3 Rxd5 46. h4 Rf5+ 47. Kg2 Rc2 48. Kf1 Rfxf2+ 49. Kg1 Bd4 0-1

[Event "East Detroit (MCO/2/43)"]
[Site "?"]
[Date "1984.??.??"]
[Round "?"]
[White "Suess, J.."]
[Black "Lungu, C.."]
[Result "0-1"]
[WhiteElo "1605"]
[BlackElo "1605"]
[PlyCount "160"]
[EventDate "1984.??.??"]

{2/(43)} 1. e4 e5 2. Nc3 Nf6 3. Bc4 c6 4. a3 Bc5 5. d3 O-O 6. Bg5 h6 7. Bxf6
Qxf6 8. Qf3 Qxf3 9. Nxf3 Bd6 10. Nh4 Bc7 11. g4 d6 12. f3 Bd8 13. Nf5 Bxf5 14.
gxf5 Bh4+ 15. Ke2 Bg5 16. Rag1 Nd7 17. h4 Bf6 18. Rg4 b5 19. Ba2 a5 20. h5 b4
21. Na4 Rab8 22. Rhg1 bxa3 23. bxa3 Nc5 24. Nxc5 dxc5 25. Rg6 Rb2 26. Bb3 Rxb3
27. cxb3 fxg6 28. Rxg6 Rb8 29. Kd2 Rxb3 30. a4 Ra3 31. Rg1 Bg5+ 32. Kc2 Ra2+
33. Kb3 Rf2 34. Re1 Rxf3 35. Kc4 Be7 36. Rb1 Kf7 37. Rb6 Kf6 38. Rxc6+ Kg5 39.
Ra6 Kxh5 40. Rxa5 Kg5 41. Rb5 Rf1 42. Rb2 Rc1+ 43. Kd5 Rc3 44. Ke6 Bf6 45. Rb5
Rxd3 46. Rxc5 Rd4 47. a5 Rxe4 48. Rc2 Ra4 49. Rc5 h5 50. Kd5 Kxf5 51. Kc6 Be7
52. Rd5 Ke6 53. Rb5 Rc4+ 54. Kb6 Bd8+ 55. Kb7 Bxa5 56. Rxa5 Rc1 57. Ra6+ Kf5
58. Kb6 g5 59. Kb5 g4 60. Ra2 g3 61. Kb4 h4 62. Kb3 h3 63. Kb2 Rc5 64. Ra1 g2
65. Rg1 e4 66. Kb3 e3 67. Kb2 Re5 68. Kc2 e2 69. Kd2 Kf4 70. Ke1 Kf3 71. Kd2 h2
72. Rc1 g1=Q 73. Rc3+ Re3 74. Rc1 Qg3 75. Rh1 Qd6+ 76. Kc2 Qc5+ 77. Kb1 Qb4+
78. Kc2 Rc3+ 79. Kd2 Qd4+ 80. Ke1 Qd1# 0-1

[Event "East Detroit (MCO/5/43)"]
[Site "?"]
[Date "1984.??.??"]
[Round "?"]
[White "Suess, J.."]
[Black "Feldman, J.."]
[Result "0-1"]
[WhiteElo "1605"]
[BlackElo "1605"]
[PlyCount "108"]
[EventDate "1984.??.??"]

{5/(43)} 1. d4 d5 2. Nc3 Nf6 3. Bg5 h6 4. Bxf6 exf6 5. e4 dxe4 6. Nxe4 Qe7 7.
Bd3 f5 8. Qe2 fxe4 9. Qxe4 Qxe4+ 10. Bxe4 Bd7 11. d5 c6 12. O-O-O cxd5 13. Bxd5
Nc6 14. Re1+ Be7 15. a3 O-O 16. Nf3 Rfe8 17. Kb1 Rab8 18. h3 Bc5 19. Ref1 Re2
20. Rd1 Rd8 21. Nh4 Bxf2 22. Rd3 Bxh4 23. Rf3 Be6 24. Bxe6 fxe6 25. g3 Bf6 26.
h4 Rdd2 27. Rb3 Rxc2 28. Rxb7 Rxb2+ 29. Rxb2 Rxb2+ 30. Kc1 Ra2 31. Rd1 Ra1+ 32.
Kc2 Rxd1 33. Kxd1 g5 34. hxg5 hxg5 35. g4 e5 36. Ke2 Kf7 37. a4 a5 38. Kd3 Ke6
39. Kc4 e4 40. Kb5 Kd6 41. Kc4 Ke5 42. Kc3 Kf4+ 43. Kd2 e3+ 44. Kd3 Kf3 45. Kc4
e2 46. Kb5 e1=Q 47. Kxc6 Qd2 48. Kb5 Qc3 49. Kb6 Bd8+ 50. Kb7 Qc7+ 51. Ka8 Qc6+
52. Ka7 Bb6+ 53. Kb8 Qc7+ 54. Ka8 Qa7# 0-1

[Event "Plymouth (MI Op/2/82)"]
[Site "?"]
[Date "1984.??.??"]
[Round "?"]
[White "Suess, J.."]
[Black "Dolehanty, T.."]
[Result "0-1"]
[WhiteElo "1605"]
[BlackElo "1605"]
[PlyCount "52"]
[EventDate "1984.??.??"]

{2/(82)} 1. e4 c5 2. Nc3 b6 3. Bc4 a6 4. Qf3 e6 5. a4 Nc6 6. Qd1 Bb7 7. Nf3 Bd6
8. O-O Nf6 9. Re1 Ne5 10. Nxe5 Bxe5 11. d3 O-O 12. f4 Bc7 13. Qf3 d6 14. Qg3 d5
15. exd5 exd5 16. Bb3 Qd7 17. Bd2 Rae8 18. Rxe8 Rxe8 19. Re1 Rxe1+ 20. Bxe1 Nh5
21. Bd2 Nxg3 22. hxg3 d4 23. Ne2 Qc6 24. Kf1 Qxg2+ 25. Ke1 Bf3 26. Kd1 Qxe2+
0-1

[Event "East Detroit (MCO/3/3)"]
[Site "?"]
[Date "1984.??.??"]
[Round "?"]
[White "Stone, Ray"]
[Black "Lehotzky, Attila"]
[Result "1-0"]
[WhiteElo "2290"]
[BlackElo "2020"]
[PlyCount "61"]
[EventDate "1984.??.??"]

{3/(3)} 1. d4 Nf6 2. c4 g6 3. Nc3 Bg7 4. e4 d6 5. Nf3 O-O 6. Be2 Nbd7 7. O-O c5
8. d5 a6 9. a4 Rb8 10. h3 b6 11. Bf4 Nh5 12. Bh2 Bh6 13. Re1 Nf4 14. Bf1 Ne5
15. Kh1 g5 16. g3 Nxh3 17. Bxh3 Bxh3 18. Nxe5 dxe5 19. Qh5 Qd7 20. Qxh6 g4 21.
d6 e6 22. Qg5+ Kh8 23. Qf6+ Kg8 24. Rad1 Rfe8 25. f3 Qd8 26. Qxd8 Rbxd8 27. f4
exf4 28. gxf4 h5 29. Bg3 Rd7 30. Bh4 Kg7 31. e5 1-0

[Event "East Detroit (MCO/5/1)"]
[Site "?"]
[Date "1984.??.??"]
[Round "?"]
[White "Stone, Ray"]
[Black "Carroll, Deuvoy"]
[Result "1-0"]
[WhiteElo "2290"]
[BlackElo "2065"]
[PlyCount "67"]
[EventDate "1984.??.??"]

{5/(1)} 1. d4 Nf6 2. c4 e5 3. dxe5 Ng4 4. Nf3 Bc5 5. e3 Nc6 6. Be2 Ncxe5 7. O-O
d6 8. Nd4 Qh4 9. h3 Nf6 10. b4 Bb6 11. Re1 Ne4 12. Rf1 O-O 13. Bb2 Re8 14. Nd2
Nxd2 15. Qxd2 Bxd4 16. Qxd4 Qxd4 17. Bxd4 Be6 18. c5 Nc6 19. Bc3 dxc5 20. bxc5
Bd5 21. Rab1 Ne5 22. Rfd1 Bc6 23. Rb4 f6 24. Rbd4 Kf8 25. Bh5 g6 26. Be2 Ke7
27. f3 Rad8 28. Kf2 Nd7 29. g4 Ne5 30. g5 Nd7 31. gxf6+ Kf8 32. Bc4 b6 33. cxb6
Bxf3 34. Rxd7 1-0

[Event "East Detroit (MCO/1/3)"]
[Site "?"]
[Date "1984.??.??"]
[Round "?"]
[White "Stone, Ray"]
[Black "Banish, K.."]
[Result "1-0"]
[WhiteElo "2290"]
[BlackElo "1670"]
[PlyCount "89"]
[EventDate "1984.??.??"]

{1/(3)} 1. d4 Nf6 2. c4 c5 3. d5 b5 4. a4 b4 5. g3 g6 6. b3 Bg7 7. Bb2 d6 8.
Bg2 Bf5 9. e4 Bg4 10. Qc2 O-O 11. h3 Bd7 12. Nf3 Na6 13. O-O e5 14. dxe6 Bxe6
15. Nbd2 Qe7 16. Rfe1 Rad8 17. Nf1 Nd7 18. Bxg7 Kxg7 19. Ne3 Ne5 20. Nd2 f6 21.
f4 Nc6 22. Nf5+ gxf5 23. exf5 Nd4 24. Qd3 Rde8 25. fxe6 f5 26. Nf3 Nxf3+ 27.
Bxf3 Nc7 28. Bc6 Rd8 29. Bd7 Rf6 30. Kf2 Na8 31. a5 Nc7 32. Rad1 Ne8 33. Re3
Rf8 34. Bxe8 Rfxe8 35. Qxf5 Qf6 36. Qxf6+ Kxf6 37. Rd5 Rxe6 38. Rxe6+ Kxe6 39.
Rh5 d5 40. Re5+ Kf7 41. cxd5 c4 42. bxc4 b3 43. Re1 b2 44. Rb1 Rb8 45. Ke3 1-0